| 000 | 00561nam a22002057a 4500 | ||
|---|---|---|---|
| 999 |
_c6321 _d6321 |
||
| 003 | OSt | ||
| 005 | 20190918121157.0 | ||
| 008 | 190918b ||||| |||| 00| 0 eng d | ||
| 020 | _a0205065597 | ||
| 040 | _cDDC. | ||
| 082 | _a530 WEI | ||
| 100 |
_aWeidner,T.Richard;Sells,L.Robert; _912945 |
||
| 245 | _aElementary modern phyisics. | ||
| 250 | _a3rd ed. | ||
| 260 |
_aNew Jersey. _bPrentice Hall. |
||
| 300 |
_ax,484p; _bcol,ill _c25cm. |
||
| 504 | _aappendix, references ,answers and index are included. | ||
| 650 |
_aPhysics. _9809 |
||
| 942 |
_2ddc _cO_SHELF |
||